000
00318nam a2200133Ia 4500
005
20260328104311.0
008
260328s9999||||xx |||||||||||||| ||und||
100
_a
Hall, John
245
0
_a
Incas :
_b
Lords of Gold and Glory /
_c
John Hall
260
_b
Time Life
300
_a
164 p.
650
_a
INCAS
942
_c
REF
999
_c
10980
_d
10980